000 02907nam a22003257a 4500
001 TZ 0045
003 gtcocun
005 20251008194923.0
006 a||||gr|||| 00| 0
007 ta
008 251008b2012 gt ||||| |||| 00| 0 eng d
040 _agtcocun
_bSPA
_cgtcocun
_eRDA
041 _aSPA TZ 0045
084 _0TZ 0045
100 _aFuentes Coy, Nikté Alejandra
_eAutor
245 _aINFORME FINAL DEL EJERCICIO PROFESIONAL SUPERVISADO, REALIZADO EN LA GRANJA PECUARIA DEL CENTRO UNIVERSITARIO DEL NORTE (CUNOR), UBICADA EN COBÁN, ALTA VERAPAZ./
_cNikte oote
_hImpreso
264 _aCobán, Alta Verapaz:
_bUniversidad de San Carlos de Guatemala, Centro Universitario del Norte, Zootecnia
_c2012
300 _a71 p.:
_bIlustraciones, gráficas.
_c28 cm;
336 _2rdacontenido
_aTexto
_btxt
337 _2rdamedio
_aComputadora
_bn
338 _2rdasoporte
_aCódigo en línea
_bcr
502 _eTZ 0045
502 _aTesis de grado
_bZootecnia,
_cUniversidad de San Carlos de Guatemala, Centro Universitario del Norte, Zootecnia
_d2012
_oTZ 0045
520 1 4 _aLa granja experimental de la Carrera de Zootecnia del Centro Universitario del Norte (CUNOR), es una unidad que funciona con presupuesto de la Universidad de San Carlos de Guatemala, el objetivo primordial es brindar conocimientos prácticos a los estudiantes de la Carrera de Zootecnia y complementar su formación académica; por tanto, se asignó como unidad de práctica. El Ejercicio Profesional Supervisado tuvo una duración de ocho meses, se realizaron diversas actividades planificadas y no planificadas para solucionar de alguna manera, problemas encontrados durante la investigación diagnóstica. Por la falta de presupuesto fue difícil completar ciertas actividades como la implementación de cerca eléctrica en potreros. En la investigación inferencial, se evaluaron tres abonos orgánicos: Bovino, ovino y porcino en el pasto parafina (Brachiaria sp), esta se ejecutó en la granja experimental del Centro Universitario del Norte (CUNOR) y de acuerdo con el resultado obtenido se observo que el abono de ovino superó significativamente al de bovino y porcino. Durante el transcurso del EPS se efectuaron actividades de extensión y servicio en la comunidad de Siguanha, donde se vacunaron aves de traspatio contra Newcastle y viruela. También se brindaron capacitaciones sobre manejo de animales domésticos, las cuales fueron dirigidas a líderes de las comunidades cercanas al municipio de Cobán, Alta Verapaz.
650 1 _2LEMB
_aCobán, Alta Verapaz
_xZootecnia
_xGranja
_xPorcino
_xPotreros
_xOvino
_xSiguanha
700 _aLic. Zoot. Mauricio Arturo Quiroa Roldán
_eAsesor
856 _uhttps://drive.google.com/file/d/1WsMBZoa6ux0vEAEzRu6sADTqT1NLHCUP/view
_yPDF
_zUn ejemplar en línea.
942 _2ddc
_cTES
_iTZ 0045
_kClasificación
_n0
_6TZ_0045_000000000000000
999 _c2301
_d2301